000 00323nam a22001457a 4500
008 211012b ||||| |||| 00| 0 eng d
020 _a9780198235514
041 _aeng
080 _a101
082 _a101
100 _a24
101 _aFIL
245 _aTestinomy A Philosophical Study
_cCoady,C.A.J
942 _2udc
_cBK
999 _c58159
_d58159